Los elixires del diablo (Record no. 185408)

MARC details
000 -LEADER
campo de control de longitud fija 00866nam a2200229 i 4500
001 - NÚMERO DE CONTROL
campo de control 185408
003 - IDENTIFICADOR DE NÚMERO DE CONTROL
campo de control SpMaBN
005 - FECHA Y HORA DE LA ÚLTIMA TRANSACCIÓN
campo de control 20260318063017.0
008 - DATOS DE LONGITUD FIJA--INFORMACIÓN GENERAL
campo de control de longitud fija 160531s1989 sp a |||| |dspa d
020 ## - NÚMERO INTERNACIONAL ESTÁNDAR DEL LIBRO
Número Internacional Estándar del Libro 84-85354-27-3
080 ## - NÚMERO DE LA CLASIFICACIÓN DECIMAL UNIVERSAL
Número de la Clasificación Decimal Universal 821.112.2-31"17"
100 1# - ENTRADA PRINCIPAL--NOMBRE DE PERSONA
Nombre de persona Hoffmann, Ernst T. A.
Fechas asociadas al nombre 1776-1822
9 (RLIN) 242917
245 14 - MENCIÓN DEL TÍTULO
Título Los elixires del diablo
Resto del título : (papeles póstumos del hermano Medardo, un capuchino) /
Mención de responsabilidad, etc. E.T.A. Hoffmann ; traducción [y prólogo] de Carmen Bravo-Villasante.
250 ## - MENCION DE EDICION
Mención de edición Ed. de 2.000 ejemp. numerados.
260 ## - PUBLICACIÓN, DISTRIBUCIÓN, ETC.
Lugar de publicación, distribución, etc. Palma de Mallorca :
Nombre del editor, distribuidor, etc. José J. de Olañeta,
Fecha de publicación, distribución, etc. [1989]
300 ## - DESCRIPCIÓN FÍSICA
Extensión 302 p. :
Otras características físicas 4 il. ;
Dimensiones 24 cm.
490 1# - MENCIÓN DE SERIE
Mención de serie Hesperus ;
Designación de volumen o secuencia 14
700 1# - ENTRADA AGREGADA--NOMBRE PERSONAL
Nombre de persona Bravo-Villasante, Carmen,
Fechas asociadas al nombre 1918-1994
9 (RLIN) 31507
830 0# - PUNTO DE ACCESO ADICIONAL DE SERIE-TÍTULO UNIFORME
Título uniforme Hesperus ;
Designación de volumen o secuencia 14
9 (RLIN) 177365
852 ## - LOCALIZACIÓN
Ubicación ES-MaACL
Número de control de estantería L-30298
Nota libre . - Donat. Miguel A. Velasco
Holdings
Estatus retirado Estado de pérdida Estado de daño No para préstamo Biblioteca de origen Biblioteca actual Ubicación en estantería Fecha de adquisición Fuente de adquisición Total de préstamos Signatura topográfica completa Código de barras Visto por última vez Precio de reemplazo Tipo de ítem Koha
        Biblioteca del Ateneo de Madrid Biblioteca del Ateneo de Madrid Depósito 2 31/05/2016     L-30298 1195336 23/02/2023 23/02/2023 Libro impreso